000 01131cam a2200277Ia 4500
001 37762
005 20230411085955.0
008 821021s1976 pn 000 0 spa d
035 _a(OCoLC)ocm08880381
040 _aCGP
_cCGP
035 _a(OCoLC)8880381
043 _acl-----
_ae-sp---
090 _aF1412
_b.B68 1976
049 _aLTNA
245 0 3 _aLa profética carta de Jamaica de Bolívar :
_bcontestación de un americano meridional a un caballero de esta isla.
260 _aPanamá :
_bEditora Renovación,
_c1976.
300 _a22 p. ;
_c21 cm.
500 _a"Publicaciones de la Coordinación de Propaganda del Comité Nacional del Sesquincentenario del Congreso Anfictiónico de Panamá de 1826."
500 _aCover title: La profética carta de Jamaica de Bolívar sobre el porvenir de América, 1815.
651 0 _aLatin America
_xPolitics and government
_y1806-1830.
651 0 _aSpain
_xColonies
_xAdministration.
700 1 _aBolívar, Simón,
_d1783-1830.
710 2 _aComité Nacional del Sesquincentenario del Congreso Anfictiónico de Panamá de 1826.
942 _2lcc
_cbk
994 _aC0
_bLTN
999 _c110286
_d110286